Normal view
MARC view
- الفريجات، غالب عبد المعطي
Entry Personal Name
001 - CONTROL NUMBER
- control field: 49900
003 - CONTROL NUMBER IDENTIFIER
- control field: JO-AjAnu
005 - DATE AND TIME OF LATEST TRANSACTION
- control field: 20230606082223.0
008 - FIXED-LENGTH DATA ELEMENTS
- fixed length control field: 230606|| aca||aabn | a|a d
040 ## - CATALOGING SOURCE
- Original cataloging agency: JO-AjAnu
- Transcribing agency: JO-AjAnu
100 ## - HEADING--PERSONAL NAME
- Personal name: الفريجات، غالب عبد المعطي
670 ## - SOURCE DATA FOUND
- Source citation: Work cat.: (JO-AjAnu)25515: الفريجات، غالب عبد المعطي, author, التفكير والإبداع والتفكير الإبداعي